000 00430nam a2200181Ia 4500
008 170705s9999 xx 000 0 und d
020 _a9780516236025
245 _aChristopher Reeve /
245 _cby Philip Abraham.
260 _aNew York :
260 _bChildren's Press,
260 _c2002
300 _a24 pages :
300 _bcolor illustration ;
300 _c15cm.
440 _aWelcome books.
500 _a170
999 _c337087
_d337087